Poker hands - Statistics

General Stats
  • This quiz has been taken 60 times
  • The average score is 9 of 10
Answer Stats
Answer % Correct
Flush
96%
Full House
96%
Straight
96%
Royal Flush
92%
Pair
88%
Quads
85%
Straight Flush
85%
Trips
83%
Two Pair
81%
High Card
69%
No matching quizzes found
Score Distribution
Percent of People with Each Score
Percentile by Number Answered
Your Score History
You have not taken this quiz